| 000 | 00795nam a2200205Ii 4500 | ||
|---|---|---|---|
| 003 | JO-AjNU | ||
| 008 | 230605s9999||||xx |||||||||||||| ||und|| | ||
| 040 |
_aJO-AjNU _bara _erda _cJO-AjNU |
||
| 041 | _aara | ||
| 050 | 1 | 4 | _aHD59 2018 |
| 100 | 3 |
_aالجبوري، علي عبودي نعمة, _eauthor _958141 |
|
| 245 | 0 | 0 | _aإدارة إستراتيجية العلاقات العامة: المفاهيم - الممارسات - الخطط |
| 250 | _aط1 | ||
| 264 | 3 | 1 | _aعمان: دار صفاء للطباعة والنشر والتوزيع، 2018 |
| 300 | _a464ص | ||
| 336 |
_atext _btxt _2rdacontent |
||
| 337 |
_aunmediated _bn _2rdamedia |
||
| 338 |
_avolume _bnc _2rdacarrier |
||
| 650 | 4 |
_a الإدارة الاستراتيجية - العلاقات العامة - إدارة _958142 |
|
| 999 |
_aA26094 _c29662 _d29662 |
||